000 00458nas a2200157 a 4500
001 60663
003 132712
005 20201118105739.0
008 ||||||n9999 ||| || ||
041 _aspa
245 0 _aTribuna Internacional de los Derechos del Niño - Vol.9 No.1 (1992)
260 _aBogotá :
_bDefensa de los Ninos Internacional,
_c1992.
562 _e1
773 _060661
_aTribuna Internacional de los Derechos del Niño
942 _cSISS
999 _c60663
_d60663